Historia de la literatura panameña (Registro nro. 7286)

Detalles MARC
000 -ENCABEZADO
Número de control [NR] 00616nam a2200193Ia 4500
008 - DE LONGITUD FIJA DE DATOS DE ELEMENTOS - INFORMACIÓN GENERAL
Elementos de longitud fija [NR] 130821s1972 mx gr spa
040 ## - FUENTE DE CATALOGACION [NR]
Agencia de catalogación original [NR] Co-BoUCM
Idioma de catalogación [NR] spa
041 ## - CODIGO DE IDIOMA [R]
Código de idioma para texto/pista de sonido o título separado [R] Español
100 ## - ASIENTO PRINCIPAL--NOMBRE PERSONAL [NR]
Nombre personal [NR] García S., Ismael
ID Autoridad 155489
245 ## - MENCION DE TITULO [NR]
Título [NR] Historia de la literatura panameña
Mención de responsabilidad, etc. [NR] Ismael García S.
250 ## - MENCION DE EDICION [NR]
Mención de edición [NR] 2a. ed.
260 ## - PUBLICACION, DISTRIBUCION, ETC. (PIE DE IMPRENTA) [R]
Lugar de publicación, distribución, etc. [R] México D.F. (México)
Nombre del editor, distribuidor, etc. [R] UNAM
Fecha de publicación, distribución, etc. [R] 1972
300 ## - DESCRIPCION FISICA [R]
Extensión [R] 206 páginas
490 ## - MENCION DE SERIE [R]
Mención de serie [R] Manuales Universitarios
650 04 - ASIENTO SECUNDARIO DE MATERIA - TERMINO TEMATICO [R]
Término temático o nombre geográfico como elemento de entrada [NR] Literatura latinoamericana
9 (RLIN) 18700
650 04 - ASIENTO SECUNDARIO DE MATERIA - TERMINO TEMATICO [R]
Término temático o nombre geográfico como elemento de entrada [NR] Literatura panameña
Subdivisión general [R] Historia
9 (RLIN) 18718
942 ## - ELEMENTOS DE ENTRADA AGREGADOS (KOHA)
Tipo de ítem principal el descrito en 300a Libro
Tema principal Literatura
Edición 2
Prefijo de la signatura top. (colección) Literatura - Panamá
Parte restante de la signatura top. G216h
Sistema de clasificación DEWEY
Clasificación 860
Existencias
Fecha de último préstamo Signatura topográfica Código de barras Última vez visto Volúmen / Fascículo Ejemplar Price effective from Tipo de ítem Perdido Sistema de clasificación Dañado No prestable Tipo de ítem específico Suprimido Ubicación habitual Ubicación actual Localización Fecha de creación Forma de adquisición Costo
16/02/2007 P 860 G216h 100014500 09/12/2025 2a. Ed. Ej.1 03/02/2013 Libro   DEWEY     Libro   Claustro Claustro 2do piso 28/02/2003 Donación 500.00